Численное исследование процесса термостабилизации ПАН жгутов в печи Вулон; Современные техника и технологии; Т. 2

Bibliographische Detailangaben
Parent link:Современные техника и технологии: сборник трудов XVIII международной научно-практической конференции студентов, аспирантов и молодых ученых, Томск, 9-13 апреля 2012 г/ Национальный исследовательский Томский политехнический университет (ТПУ).— , 2012
Т. 2.— 2012.— [С. 171-172]
1. Verfasser: Исаев А. С.
Weitere Verfasser: Сборщиков Г. С. (научный руководитель)
Zusammenfassung:Заглавие с титульного листа
Sprache:Russisch
Veröffentlicht: 2012
Schriftenreihe:Секция 6: Материаловедение
Schlagworte:
Online-Zugang:http://www.lib.tpu.ru/fulltext/v/Conferences/2012/C2/V2/v2_083.pdf
Format: Elektronisch Buchkapitel
KOHA link:https://koha.lib.tpu.ru/cgi-bin/koha/opac-detail.pl?biblionumber=223579

MARC

LEADER 00000nla2a2200000 4500
001 223579
005 20231031200232.0
035 |a (RuTPU)RU\TPU\book\243839 
035 |a RU\TPU\book\243365 
090 |a 223579 
100 |a 20121012d2012 k y0rusy50 ca 
101 0 |a rus 
102 |a RU 
105 |a y z 101zy 
135 |a drcn ---uucaa 
181 0 |a i  
182 0 |a b 
200 1 |a Численное исследование процесса термостабилизации ПАН жгутов в печи Вулон  |b Электронный ресурс  |f А. С. Исаев  |g науч. рук. Г. С. Сборщиков 
203 |a Текст  |c электронный 
215 |a 1 файл (793 Kb) 
225 1 |a Секция 6: Материаловедение 
230 |a Электронные текстовые данные (1 файл : 793 Kb) 
300 |a Заглавие с титульного листа 
320 |a [Библиогр.: с. 172 (3 назв.)] 
337 |a Adobe Reader 
461 1 |0 (RuTPU)RU\TPU\book\240890  |t Современные техника и технологии  |o сборник трудов XVIII международной научно-практической конференции студентов, аспирантов и молодых ученых, Томск, 9-13 апреля 2012 г  |o в 3 т.  |f Национальный исследовательский Томский политехнический университет (ТПУ)  |d 2012 
463 1 |0 (RuTPU)RU\TPU\book\242828  |t Т. 2  |v [С. 171-172]  |d 2012  |p 473 с. 
610 1 |a электронный ресурс 
610 1 |a численное исследование 
610 1 |a процессы 
610 1 |a термостабилизация 
610 1 |a жгуты 
610 1 |a полиалканимиды 
610 1 |a термообработка 
610 1 |a нагрев 
610 1 |a печи 
700 1 |a Исаев  |b А. С. 
702 1 |a Сборщиков  |b Г. С.  |4 727 
801 2 |a RU  |b 63413507  |c 20130923  |g RCR 
856 4 |u http://www.lib.tpu.ru/fulltext/v/Conferences/2012/C2/V2/v2_083.pdf 
942 |c CF